Object oriented modeling and design with UML / (Record no. 187914)
[ view plain ]
| 000 -LEADER | |
|---|---|
| fixed length control field | 00716nam a2200229Ia 4500 |
| 005 - DATE AND TIME OF LATEST TRANSACTION | |
| control field | 20220721094130.0 |
| 008 - FIXED-LENGTH DATA ELEMENTS--GENERAL INFORMATION | |
| fixed length control field | 210716s2005 xx 000 0 und d |
| 020 ## - INTERNATIONAL STANDARD BOOK NUMBER | |
| International Standard Book Number | 8120330161 |
| 040 ## - CATALOGING SOURCE | |
| Transcribing agency | AIMIT LIBRARY |
| 041 ## - LANGUAGE CODE | |
| Language code of text/sound track or separate title | eng |
| 082 ## - DEWEY DECIMAL CLASSIFICATION NUMBER | |
| Classification number | 005.1361 |
| Edition number | 2 |
| Item number | BLAM |
| 100 ## - MAIN ENTRY--PERSONAL NAME | |
| Personal name | Blaha, Michael. |
| 9 (RLIN) | 52120 |
| 245 ## - TITLE STATEMENT | |
| Title | Object oriented modeling and design with UML / |
| Statement of responsibility, etc. | By Michael Blaha and James Rumbaugh. |
| 250 ## - EDITION STATEMENT | |
| Edition statement | 2nd ed. |
| 260 ## - PUBLICATION, DISTRIBUTION, ETC. | |
| Place of publication, distribution, etc. | New Delhi : |
| Name of publisher, distributor, etc. | PHI Learning Pvt Ltd , |
| Date of publication, distribution, etc. | 2005. |
| 300 ## - PHYSICAL DESCRIPTION | |
| Extent | xvii, 477p. ; |
| Dimensions | 22.5 cm. |
| 650 ## - SUBJECT ADDED ENTRY--TOPICAL TERM | |
| Topical term or geographic name entry element | Events |
| 9 (RLIN) | 52121 |
| 650 ## - SUBJECT ADDED ENTRY--TOPICAL TERM | |
| Topical term or geographic name entry element | Development stages |
| 9 (RLIN) | 52122 |
| 650 ## - SUBJECT ADDED ENTRY--TOPICAL TERM | |
| Topical term or geographic name entry element | Development life cycle |
| 9 (RLIN) | 52123 |
| 700 ## - ADDED ENTRY--PERSONAL NAME | |
| Personal name | Rumbaugh, James. |
| 9 (RLIN) | 52124 |
| 942 ## - ADDED ENTRY ELEMENTS (KOHA) | |
| Source of classification or shelving scheme | Dewey Decimal Classification |
| Koha item type | Book |
| Edition | 2nd |
| Call number prefix | 005.1361 BLAM |
| Withdrawn status | Lost status | Source of classification or shelving scheme | Damaged status | Not for loan | Collection code | Home library | Current library | Source of acquisition | Cost, normal purchase price | Inventory number | Total Checkouts | Full call number | Barcode | Date due | Date last seen | Date last checked out | Cost, replacement price | Price effective from | Koha item type |
|---|---|---|---|---|---|---|---|---|---|---|---|---|---|---|---|---|---|---|---|
| Dewey Decimal Classification | MCA | St Aloysius Institute of Management & Information Technology | St Aloysius Institute of Management & Information Technology | Infosys Technologies Ltd | 250.00 | Bill no:38427; Bill dt:2007-04-1 | 1 | 005.1361 BLAM | MCA07421 | 09/28/2024 | 08/29/2024 | 08/29/2024 | 250.00 | 07/16/2021 | Book | ||||
| Dewey Decimal Classification | Reference Book | MCA | St Aloysius Institute of Management & Information Technology | St Aloysius Institute of Management & Information Technology | Donated | 005.1361 BLAM | MCA07422 | 07/21/2025 | 07/16/2021 | Book | |||||||||
| Dewey Decimal Classification | MCA | St Aloysius Institute of Management & Information Technology | St Aloysius Institute of Management & Information Technology | Infosys Technologies Ltd | 250.00 | Bill no:38427; Bill dt:2007-04-1 | 005.1361 BLAM | MCA07423 | 05/23/2026 | 250.00 | 07/16/2021 | Book | |||||||
| MCA | St Aloysius Institute of Management & Information Technology | St Aloysius Institute of Management & Information Technology | Donated | 005.1361 BLAM | MCA07424 | 05/23/2026 | 07/16/2021 | Book | |||||||||||
| MCA | St Aloysius Institute of Management & Information Technology | St Aloysius Institute of Management & Information Technology | 005.1361 BLAM | MCA07425 | 05/23/2026 | 07/16/2021 | Book |